1709 1689 1533 1745 1700 1928 1170 1833 1142 1844 1557 1604 1046 1185 1679 1535 1277 1670 1146 1833 1722 1671 1478 1918 1839 1171 1507 1267 1140 1130 1412 1206 1889 1500 1291 1882 1093 1906 1055 1192 1585 1289 1139 1645 1008 1099 1440 1110 1182 1365 1943 1487 1799 1607 1216 1749 1162 1894 1594 1582 1313 1023 1988 1083 1743 1644 1694 1720 1524 1347 1125 1542 1133 1589 1974 1329 1853 1041 1486 1010 1572 1914 1785 1759 1961 1048 1201 1372 1025 1062 1132 1287 1744 1825 1452 1459 1489 1290 1006 BCNSPRNW ULIB Ver.6.0+V

เปลี่ยนเป็นภาษาไทย

Change to English
 แสดงรายละเอียดบรรณานุกรม
  กลับหน้าหลัก

Brief Record : Get Marc (ISO 2709) : E-mail record : QR code < ปิดหน้าต่าง
LEADER : 00000nam 2200000uu 4500
001    13399111277
003     ULIB
008    110622s2550||||th 000 0 tha d
020    9748283070
050  0 QA76.73^bน658พ
100 0  นิรุธ อำนวยศิลป์
245 00 PHP How - to and Web-based Application Techniques/^cเขียนโดย นิรุธ อำนวยศิลป์
250    พิมพ์ครั้งที่ 2
260    กรุงเพทฯ:^bดวงกมลสมัย,^c2550
300    163 หน้า:^bภาพประกอบ
650  0 PHP
945    ^p179^l0^i18141
995    กัณชพร
999 ^a ใช้งานได้ทุกระบบ
รายการนี้ยังไม่มีแท็ก
คุณยังไม่ได้ล็อกอิน คุณสามารถมีกิจกรรมร่วมกับเว็บไซต์ได้ แต่ต้องล็อกอินก่อน ::
  ล็อกอิน

รายการสื่อสารสนเทศ

ลำดับที่ ประเภท เลขเรียก/บาร์โค้ด สถานที่ สถานะ
- ไม่พบข้อมูล -

รายการใกล้เคียง
    ผู้แต่ง [นิรุธ อำนวยศิลป์]

    หัวเรื่อง [PHP]

BibComment


ยังไม่เคยถูกคอมเมนท์

คอมเมนท์ทรัพยากรรายการนี้
  คอมเมนท์: PHP How to and W..


 Copyright 2026. Bcnsprnw @Library